| 000 | 00587cam a2200133 4500500 | ||
|---|---|---|---|
| 005 | 20260111091251.0 | ||
| 041 | _afre | ||
| 042 | _adc | ||
| 245 | 0 | 0 | _aGigantomachia. Convergenze e divergenze tra Platone e Aristotele, éd. M. Migliori, coll. Filosofia n.s. 9, Brescia, Morcelliana, 2002, 21x15, 480 p., 32.50 €. ISBN 88-372-1910-5 |
| 260 | _c2005. | ||
| 500 | _a49 | ||
| 786 | 0 | _nNouvelle revue théologique | 127 | 4 | 2005-12-15 | p. 666l-679l | 0029-4845 | |
| 856 | 4 | 1 | _uhttps://shs.cairn.info/revue-nouvelle-revue-theologique-2005-4-page-666l?lang=fr&redirect-ssocas=7080 |
| 999 |
_c1620777 _d1620777 |
||